Statistics for Geography #3- Four letter Geography

Click here to take the quiz!

General Stats

  • This quiz has been taken 128 times
  • The average score is 11 of 15

Answer Stats

HintAnswer% Correct
Capital of SwitzerlandBern
98%
State with the largest percentage of MormonsUtah
97%
Dalai ____; Leader in exile in IndiaLama
96%
Longest river in the worldNile
95%
South American country on the Pacific OceanPeru
93%
Island nation 90 miles from the tip of FloridaCuba
89%
A person from DenmarkDane
88%
Most populous Indonesian islandJava
83%
Country on the Gulf of GuineaTogo
79%
Largest city in GreenlandNuuk
65%
Theocratic countryIran
59%
A large bayGulf
58%
A national park in the state mentioned aboveZion
29%
Other name for Sea of Japan: ____ SeaEast
26%
Large gulf in Estonia and LatviaRiga
24%

Score Distribution

Percentile by Number Answered

Percent of People with Each Score

Your Score History

You have not taken this quiz